| 000 | 00463nam a22001937a 4500 | ||
|---|---|---|---|
| 003 | MPLRDC | ||
| 005 | 20220104124647.0 | ||
| 008 | 210129b ||||| |||| 00| 0 eng d | ||
| 020 | _a7-5012-2153-7 | ||
| 082 | _a240 LT | ||
| 100 | _a刘婷、任刚 | ||
| 245 |
_a朝圣地 _c |
||
| 250 | _a一版一刷 | ||
| 260 |
_a中国 _b世界知识出版社 _c2004 |
||
| 300 | _b222 | ||
| 490 | _a探索古文明丛书 | ||
| 650 | _a基督教 | ||
| 942 |
_cBK _o240 LT |
||
| 999 |
_c21122 _d21112 |
||